000 00317nam a22001337a 4500
008 210225b ||||| |||| 00| 0 eng d
020 _a9780763737627
041 _aeng
080 _28th
_a579
100 _a11
101 _aMIK
245 _aAlcamo's Fundamentals of Microbiology
_cPommerville,C.J
942 _2udc
_cBK
999 _c55193
_d55193